000 00661nam a2200193Ia 4500
003 GCL
008 140319s9999 xx 000 0 ara d
040 _aGCL /
_cGCL
082 0 4 _a822
_bب ح
100 1 _aبروان، جانيت \\=aتامر عبدالوهابv
245 1 0 _aالحركة النسوية فى الدراما الامريكية المعاصرة /
_cبروان، جانيت
260 _a[S.N] :
_bمركز اللغات والترجمة ،
_c1997
300 _a218 ص
490 _a
650 0 4 _aالادب الامريكى
650 0 4 _aالمرأة فى الفن
650 0 4 _aالمسرحيات الامريكية
942 _2ddc
_cBK
999 _c32657
_d32657